Score 0/16 Timer 06:00
0 Plays Today
% Correct
fetus
86.1%
forensic osteology
85.7%
femur
85.2%
flexion
83.9%
fibula
83%
fragmentary
82.5%
foot
80.7%
fontanelle
71.7%
% Correct
facet
69.1%
Frankfurt Horizontal
67.7%
foramen magnum
65.9%
frontal
65.5%
fabella
58.7%
foramen
57.8%
fossa
55.6%
fovea
35.4%
Remove Ads.
Support Sporcle.
Get the best of Sporcle when you Go Orange. This ad-free experience offers more features, more stats, and more fun while also helping to support Sporcle. Thank you for becoming a member.

You're not logged in!

Compare scores with friends on all Sporcle quizzes.
OR
Log In

Show Comments

Extras

Top Quizzes Today


Score Distribution

Your Account Isn't Verified!

In order to create a playlist on Sporcle, you need to verify the email address you used during registration. Go to your Sporcle Settings to finish the process.

Report this User

Report this user for behavior that violates our Community Guidelines.

Details: